Técnica vocal y dirección coral para coros no profesionales
Uloženo v:
| Hlavní autoři: | , |
|---|---|
| Médium: | Kniha |
| Jazyk: | španělština |
| Vydáno: |
Madrid
Alpuerto S. A
1998
|
| Témata: | |
| Tagy: |
Přidat tag
Žádné tagy, Buďte první, kdo vytvoří štítek k tomuto záznamu!
|
MARC
| LEADER | 00000cam a2200000 a 4500 | ||
|---|---|---|---|
| 001 | UCF6749 | ||
| 003 | CL-VaPUC | ||
| 005 | 20240909162520.0 | ||
| 008 | 130516e19980000SP |||||||||||||||||spa|d | ||
| 999 | |c 351855 |d 351853 | ||
| 020 | |a 8438103332 | ||
| 040 | |c Pontificia Universidad Católica de Valparaíso | ||
| 082 | 0 | 4 | |a 782 |b GAR |2 21 |
| 100 | 0 | |a Garmendia Pizarro, Elisa |e author |9 568773 | |
| 245 | 1 | 0 | |a Técnica vocal y dirección coral para coros no profesionales |
| 260 | |a Madrid |b Alpuerto S. A |c 1998 | ||
| 300 | |a 134 p | ||
| 583 | |a last modification |c 20130516 09:57:00 |k Rodrigo Vera | ||
| 650 | 0 | |a Coros |9 341002 | |
| 650 | 0 | |a Música coral |9 327326 | |
| 700 | 0 | |a Alvira Martín, María Pilar |e author |9 568774 | |
| 942 | |c BK |2 ddc | ||
| 945 | |d 20130516 00:00:00 |a dcastane | ||
| 952 | |0 0 |1 0 |4 0 |6 782_000000000000000_GAR_1998 |7 0 |8 R |9 456235 |a BIBEDU |b BIBEDU |d 2019-11-22 |i 497090K |l 1 |o 782 GAR 1998 |p 497090K |r 2024-09-09 |s 2024-09-09 |w 2019-11-22 |y BK_R |k MUS | ||